[Event "Mid Bohemia Region-chT 2223"]
[Site "Czech Republic"]
[Date "2023.04.02"]
[Round "11.2"]
[White "Horak, Martin"]
[Black "Mach, Petr"]
[Result "1-0"]
[WhiteElo "2139"]
[BlackElo "2115"]
[PlyCount "61"]
[EventDate "2022.10.09"]
[EventType "team-tourn"]
[EventRounds "11"]
[EventCountry "CZE"]
[SourceTitle "EXT 2024"]
[Source "ChessBase"]
[SourceDate "2023.10.10"]
[SourceVersion "1"]
[SourceVersionDate "2023.10.10"]
[SourceQuality "1"]
[WhiteTeam "Cesky Brod"]
[BlackTeam "Ricany III"]
[WhiteTeamCountry "CZE"]
[BlackTeamCountry "CZE"]

1. e4 d5 2. exd5 Nf6 3. Nf3 Nxd5 4. d4 g6 5. c4 Nb6 6. Nc3 Bg7 7. Be2 0-0 8. h3 Nc6 9. Be3 e5 10. d5 Ne7 11. g4 f5 12. Qb3 e4 13. Ng5 h6 14. Ne6 Bxe6 15. dxe6 f4 16. Bc5 e3 17. Rd1 Qe8 18. Bf3 Rf6 19. Bd4 exf2+ 20. Kxf2 Nc6 21. c5 Nxd4 22. Rxd4 Rf5 23. Rd8 Rxd8 24. e7+ Rf7 25. exd8R Qxd8 26. cxb6 Qh4+ 27. Ke2 Qe7+ 28. Kf1 Kh7 29. bxa7 Qe3 30. Ne4 Qc1+ 31. Kg2 1-0

[Event "CZE-ch U20"]
[Site "Jaromerice nad Rokytnou"]
[Date "2023.03.16"]
[Round "9"]
[White "Mica, Marek"]
[Black "Mach, Petr"]
[Result "1-0"]
[WhiteElo "2248"]
[BlackElo "2167"]
[PlyCount "65"]
[EventDate "2023.03.10"]
[EventType "tourn"]
[EventRounds "11"]
[EventCountry "CZE"]
[SourceTitle "CBM 213 Extra"]
[Source "ChessBase"]
[SourceDate "2023.05.31"]
[SourceVersion "1"]
[SourceVersionDate "2023.05.31"]
[SourceQuality "1"]

1. d4 g6 2. e4 Bg7 3. Be3 c5 4. c3 Qb6 5. Qd2 d6 6. Na3 cxd4 7. cxd4 Nc6 8. Bb5 Bd7 9. d5 Qa5 10. Qxa5 Nxa5 11. Rb1 b6 12. Ba6 Bc8 13. Bd3 Nf6 14. f3 0-0 15. Ne2 Nb7 16. b4 a5 17. bxa5 Rxa5 18. Nc4 Rxa2 19. Nc1 Rxg2 20. Nd2 Bg4 21. h3 Bc8 22. Bf1 Rg3 23. Kf2 Nh5 24. Ne2 f5 25. exf5 Be5 26. Rxb6 Nc5 27. Bxc5 dxc5 28. Ne4 c4 29. Rc6 Rxf3+ 30. Kxf3 Bxf5 31. Ke3 Bg7 32. Bg2 Bh6+ 33. Kd4 1-0

[Event "CZE-chT2C 2223"]
[Site "Czech Republic"]
[Date "2023.02.05"]
[Round "8.3"]
[White "Mach, Petr"]
[Black "Cakl, Zdenek"]
[Result "1/2-1/2"]
[WhiteElo "2124"]
[BlackElo "2056"]
[PlyCount "114"]
[EventDate "2022.10.16"]
[EventType "team-tourn"]
[EventRounds "11"]
[EventCountry "CZE"]
[SourceTitle "EXT 2024"]
[Source "ChessBase"]
[SourceDate "2023.10.10"]
[SourceVersion "1"]
[SourceVersionDate "2023.10.10"]
[SourceQuality "1"]
[WhiteTeam "Neratovice II"]
[BlackTeam "Liberec"]
[WhiteTeamCountry "CZE"]
[BlackTeamCountry "CZE"]

1. Nf3 Nf6 2. g3 d5 3. Bg2 e6 4. 0-0 Be7 5. d4 0-0 6. c4 c6 7. Nc3 b6 8. Qd3 Ba6 9. b3 Nbd7 10. Rd1 Rc8 11. Bb2 c5 12. dxc5 dxc4 13. bxc4 Nxc5 14. Qe3 Qe8 15. Ne5 Na4 16. Nxa4 Qxa4 17. Qb3 Qe8 18. Rac1 Rc7 19. Ba3 Bxa3 20. Qxa3 Qc8 21. Nc6 Re8 22. Rd2 e5 23. Rcd1 Bxc4 24. Nxe5 Be6 25. Qa4 Rc5 26. Nc6 Bd7 27. Rxd7 Nxd7 28. Nxa7 Qc7 29. Qxd7 Qxd7 30. Rxd7 Rc1+ 31. Bf1 g6 32. Rd2 Re5 33. e3 Ra5 34. Rd8+ Kg7 35. Rd7 Rxa2 36. Kg2 Rcc2 37. Nb5 Rxf2+ 38. Kg1 Rxh2 39. Nd6 Rhf2 40. Nxf7 Kf8 41. Ng5 Rfb2 42. e4 Ra3 43. Nxh7+ Ke8 44. Nf6+ Kf8 45. e5 Rxg3+ 46. Kh1 Re3 47. Rd8+ Kg7 48. Rg8+ Kh6 49. Ng4+ Kh7 50. Nxe3 Kxg8 51. e6 Kf8 52. Nd5 Rb1 53. Kg2 Re1 54. Nf4 Rxf1 55. Nxg6+ Kg7 56. Kxf1 Kxg6 57. Ke2 Kf6 1/2-1/2

[Event "CZE-chT2C 2223"]
[Site "Czech Republic"]
[Date "2022.11.20"]
[Round "3.4"]
[White "Docekal, Jan"]
[Black "Mach, Petr"]
[Result "0-1"]
[WhiteElo "2261"]
[BlackElo "2124"]
[PlyCount "164"]
[EventDate "2022.10.16"]
[EventType "team-tourn"]
[EventRounds "11"]
[EventCountry "CZE"]
[SourceTitle "EXT 2024"]
[Source "ChessBase"]
[SourceDate "2023.10.10"]
[SourceVersion "1"]
[SourceVersionDate "2023.10.10"]
[SourceQuality "1"]
[WhiteTeam "Vysehrad"]
[BlackTeam "Neratovice II"]
[WhiteTeamCountry "CZE"]
[BlackTeamCountry "CZE"]

1. e4 d5 2. exd5 Nf6 3. c4 e6 4. d6 cxd6 5. d4 d5 6. Nc3 Nc6 7. c5 b6 8. Bb5 Bd7 9. Bxc6 Bxc6 10. b4 bxc5 11. bxc5 e5 12. Nf3 exd4 13. Nxd4 Qa5 14. 0-0 Qxc3 15. Nxc6 Bxc5 16. Bg5 Ne4 17. Qxd5 Bxf2+ 18. Kh1 Nxg5 19. Qxg5 0-0 20. Rac1 Be3 21. Ne7+ Kh8 22. Qg3 Qxc1 23. Rxc1 Bxc1 24. h4 Bb2 25. Qf2 Rab8 26. Nc6 Rbc8 27. Qxb2 Rxc6 28. Qb7 Rc4 29. Kg1 Kg8 30. h5 h6 31. Qxa7 Rh4 32. Qa5 Rg4 33. a4 Rg5 34. Qa7 Rd8 35. a5 Rd1+ 36. Kf2 Rd2+ 37. Kf3 Rdxg2 38. a6 R2g3+ 39. Kf2 Ra3 40. Qb8+ Kh7 41. a7 Rga5 42. Qb1+ f5 43. Qb6 Ra6 44. a8Q Rxa8 45. Qg6+ Kg8 46. Qe6+ Kh8 47. Qxf5 R3a5 48. Qf7 Rg5 49. Ke3 Raa5 50. Kf4 Rxh5 51. Qe8+ Kh7 52. Qe4+ Rhf5+ 53. Kg4 Kg6 54. Qc2 Rae5 55. Qd3 Kf7 56. Qd7+ Kg8 57. Qd8+ Rf8 58. Qd6 Ref5 59. Qe6+ Kh8 60. Kg3 Rg5+ 61. Kh4 Rf1 62. Qe8+ Kh7 63. Qe4+ Rg6 64. Kh3 Rfg1 65. Qb7 R6g5 66. Qe4+ Rg6 67. Qb7 h5 68. Qa8 R1g3+ 69. Kh2 h4 70. Qe4 R3g4 71. Qd3 h3 72. Qf5 Rg2+ 73. Kh1 R2g5 74. Qe4 Rg4 75. Qf5 Kh6 76. Qc8 Rg1+ 77. Kh2 R6g2+ 78. Kxh3 Rg5 79. Qh8+ Kg6 80. Qe8+ Kh7 81. Qe4+ Rg6 82. Kh4 Rh1+ 0-1

[Event "CZE-chT2C 2223"]
[Site "Czech Republic"]
[Date "2022.11.06"]
[Round "2.4"]
[White "Mach, Petr"]
[Black "Hlavina, Matous"]
[Result "1-0"]
[WhiteElo "2124"]
[BlackElo "2118"]
[PlyCount "105"]
[EventDate "2022.10.16"]
[EventType "team-tourn"]
[EventRounds "11"]
[EventCountry "CZE"]
[SourceTitle "EXT 2024"]
[Source "ChessBase"]
[SourceDate "2023.10.10"]
[SourceVersion "1"]
[SourceVersionDate "2023.10.10"]
[SourceQuality "1"]
[WhiteTeam "Neratovice II"]
[BlackTeam "Praha DDM"]
[WhiteTeamCountry "CZE"]
[BlackTeamCountry "CZE"]

1. Nf3 d5 2. g3 Nc6 3. d4 Bf5 4. Bg2 Nb4 5. Na3 e6 6. 0-0 h6 7. c4 Nf6 8. Bd2 Nc6 9. Qb3 Rb8 10. Bf4 a6 11. cxd5 exd5 12. Ne5 Nxe5 13. Bxe5 Be4 14. Rac1 Bd6 15. Bxe4 dxe4 16. Qa4+ Qd7 17. Qxd7+ Kxd7 18. Nc4 b5 19. Nxd6 cxd6 20. Bxf6 gxf6 21. f3 e3 22. Rc3 b4 23. Rxe3 Rhc8 24. Kf2 Rc2 25. Rb1 Rbc8 26. a3 a5 27. axb4 axb4 28. Rb3 R8c4 29. Ke3 Kc6 30. Ra1 Kb5 31. Ra7 Rc7 32. Rxc7 Rxc7 33. Kd2 Kc4 34. Rd3 Ra7 35. b3+ Kd5 36. e4+ Kc6 37. Ke3 Ra2 38. Rd2 Ra1 39. d5+ Kb5 40. Kd4 Rb1 41. Rd3 Rh1 42. h4 Rg1 43. f4 Re1 44. Rd2 Rb1 45. e5 Rxb3 46. exd6 Rxg3 47. d7 Rg8 48. Rc2 Rd8 49. Rc7 h5 50. d6 f5 51. Kd5 b3 52. Rb7+ Ka4 53. Kc6 1-0

[Event "Pobeskydy op 41st"]
[Site "Frydek Mistek"]
[Date "2022.04.16"]
[Round "6"]
[White "Horak, Jan"]
[Black "Mach, Petr"]
[Result "1/2-1/2"]
[WhiteElo "2170"]
[BlackElo "1981"]
[PlyCount "77"]
[EventDate "2022.04.14"]
[EventType "swiss"]
[EventRounds "9"]
[EventCountry "CZE"]
[SourceTitle "CBM 207 Extra"]
[Source "ChessBase"]
[SourceDate "2022.05.31"]
[SourceVersion "1"]
[SourceVersionDate "2022.05.31"]
[SourceQuality "1"]

1. d4 Nf6 2. Nc3 d5 3. Bg5 e6 4. e4 dxe4 5. Nxe4 Be7 6. Bxf6 Bxf6 7. c3 Nd7 8. Bd3 b6 9. Qc2 Bb7 10. 0-0-0 Qe7 11. Nf3 0-0-0 12. Rhe1 c5 13. Qa4 Kb8 14. Kb1 cxd4 15. cxd4 Ka8 16. Nc3 Nb8 17. Nb5 Bd5 18. Nc3 Bb7 19. Bb5 Rc8 20. Re3 Rhd8 21. g4 h6 22. h3 Qc7 23. Ne5 Bxe5 24. dxe5 Rxd1+ 25. Qxd1 Rd8 26. Qe2 Nc6 27. Bxc6 Bxc6 28. f4 g5 29. f5 Qd7 30. f6 Qd4 31. Kc2 Qf4 32. Rd3 Rxd3 33. Kxd3 Kb7 34. Qe3 Qf1+ 35. Kc2 Qg2+ 36. Kb3 Bd5+ 37. Ka3 a6 38. b3 Qf3 39. Nxd5 1/2-1/2

[Event "Prague op-A 20th"]
[Site "Prague"]
[Date "2022.01.09"]
[Round "4"]
[White "Michalczak, Thomas"]
[Black "Mach, Petr"]
[Result "1-0"]
[WhiteElo "2218"]
[BlackElo "2092"]
[PlyCount "203"]
[EventDate "2022.01.07"]
[EventType "swiss"]
[EventRounds "9"]
[EventCountry "CZE"]
[SourceTitle "CBM 206 Extra"]
[Source "ChessBase"]
[SourceDate "2022.03.31"]
[SourceVersion "1"]
[SourceVersionDate "2022.03.31"]
[SourceQuality "1"]

1. e4 d5 2. exd5 Nf6 3. d4 Nxd5 4. c4 Nb6 5. Nf3 g6 6. h3 Bg7 7. Nc3 0-0 8. Be3 Nc6 9. Be2 e5 10. d5 Ne7 11. g4 f5 12. Qb3 fxg4 13. hxg4 Bxg4 14. Ng5 Bxe2 15. Nxe2 Nf5 16. Rxh7 Qf6 17. Ne4 Qf7 18. 0-0-0 Nxe3 19. fxe3 Qf3 20. N2g3 Nxc4 21. Rxg7+ Kxg7 22. Qxc4 Qxe3+ 23. Kc2 Rf7 24. Rd3 Qf4 25. d6 cxd6 26. Qe6 Rc7+ 27. Kb3 Qf7 28. Ng5 Qd7 29. a4 Re8 30. Qxd6 Qxd6 31. Rxd6 Kh6 32. N3e4 Ree7 33. Rd1 Rc6 34. Rh1+ Kg7 35. Rh7+ Kf8 36. Rh8+ Kg7 37. Rh7+ Kf8 38. Rh8+ Kg7 39. Rh2 Kf8 40. Rf2+ Kg7 41. Kb4 Rec7 42. Rh2 Kg8 43. Rh6 Rd7 44. Rh2 Rd4+ 45. Ka3 Rcc4 46. b3 Rxe4 47. bxc4 Rxc4 48. Re2 a6 49. Rxe5 b5 50. axb5 axb5 51. Rxb5 Kg7 52. Kb3 Rc8 53. Ne4 Rf8 54. Kc3 Rf5 55. Rb6 Kh6 56. Kd4 Ra5 57. Ke3 Ra1 58. Kf4 Rf1+ 59. Kg4 Rf5 60. Nf6 Kg7 61. Ne4 Kh6 62. Ng3 Ra5 63. Kf4 Rc5 64. Rb1 Ra5 65. Rh1+ Kg7 66. Ne4 Rh5 67. Ra1 Rf5+ 68. Kg4 Kh6 69. Ra7 Rb5 70. Kg3 Rb3+ 71. Kf4 Rb5 72. Kg4 Rb4 73. Re7 Ra4 74. Kf4 Ra5 75. Nf2 Rf5+ 76. Kg3 Ra5 77. Kh4 Rh5+ 78. Kg3 Ra5 79. Nh3 Ra3+ 80. Kg4 Ra5 81. Re6 Rb5 82. Nf4 Rg5+ 83. Kh4 Rg1 84. Ra6 Kh7 85. Ne6 Kh6 86. Ra8 Rh1+ 87. Kg4 Rg1+ 88. Kf4 Rf1+ 89. Kg3 Kh7 90. Ra6 Kh6 91. Ra4 Rf5 92. Ra8 Kh7 93. Kg4 Rf1 94. Ng5+ Kg7 95. Ra7+ Kg8 96. Ne6 Rf6 97. Re7 Rf1 98. Kg5 Rg1+ 99. Kf6 Kh8 100. Re8+ Kh7 101. Ng5+ Kh6 102. Rh8# 1-0

[Event "Pardubice Kraj op-G"]
[Site "Pardubice"]
[Date "2020.09.24"]
[Round "8"]
[White "Mach, Petr"]
[Black "Vykouk, Jan"]
[Result "0-1"]
[WhiteElo "1970"]
[BlackElo "2444"]
[PlyCount "66"]
[EventDate "2020.09.23"]
[EventType "swiss (rapid)"]
[EventRounds "9"]
[EventCountry "CZE"]
[SourceTitle "CBM 198 Extra"]
[Source "ChessBase"]
[SourceDate "2020.11.30"]
[SourceVersion "1"]
[SourceVersionDate "2020.11.30"]
[SourceQuality "1"]

1. Nf3 Nf6 2. c4 g6 3. Nc3 Bg7 4. d4 0-0 5. g3 d6 6. Bg2 c6 7. 0-0 a6 8. a4 a5 9. h3 Na6 10. e4 Nd7 11. Be3 Nb4 12. Qd2 e5 13. Rad1 Qe7 14. Bh6 Bxh6 15. Qxh6 f6 16. d5 Nc5 17. Nh4 cxd5 18. cxd5 Bd7 19. f4 Qg7 20. Qxg7+ Kxg7 21. fxe5 fxe5 22. Nb5 Bxb5 23. axb5 Rxf1+ 24. Rxf1 a4 25. Kh2 Rf8 26. Nf3 Nbd3 27. Rb1 Nb3 28. Ng5 Rf2 29. Ne6+ Kf6 30. b6 Ke7 31. Kg1 Rxb2 32. Rf1 a3 33. Rf8 a2 0-1

[Event "Harrachov op"]
[Site "Prichovice"]
[Date "2019.10.27"]
[Round "2"]
[White "Pise, Jiri"]
[Black "Mach, Petr"]
[Result "0-1"]
[WhiteElo "1775"]
[BlackElo "2050"]
[PlyCount "122"]
[EventDate "2019.10.26"]
[EventType "swiss"]
[EventRounds "9"]
[EventCountry "CZE"]
[SourceTitle "CBM 192 Extra"]
[Source "Chessbase"]
[SourceDate "2019.11.06"]
[SourceVersion "1"]
[SourceVersionDate "2019.11.06"]
[SourceQuality "1"]

1. e4 d5 2. exd5 Nf6 3. Nc3 Nxd5 4. Nf3 Nxc3 5. bxc3 Bg4 6. d4 e6 7. Be2 c5 8. 0-0 Nc6 9. Be3 Qc7 10. Qd2 Rd8 11. Rfd1 Bd6 12. h3 Bf5 13. Nh4 Be4 14. Bf3 Bxf3 15. Nxf3 0-0 16. Ng5 Be5 17. Nf3 Bf6 18. Bf4 Qa5 19. Qe3 cxd4 20. cxd4 Qa4 21. c3 Ne7 22. Be5 Nd5 23. Qd3 b5 24. Rdc1 Rc8 25. Bxf6 Nxf6 26. Ne5 Rfd8 27. Qf3 Rc7 28. Nd3 Qa3 29. Nc5 Nd7 30. Nxd7 Rcxd7 31. Qc6 a6 32. Rc2 h6 33. Rac1 Rd6 34. Qb7 Qa4 35. Kh1 Qc4 36. Kg1 Qa4 37. Kh1 e5 38. Qf3 exd4 39. cxd4 Qxd4 40. Rc8 Rxc8 41. Rxc8+ Rd8 42. Qa8 Qd1+ 43. Kh2 Qd6+ 44. g3 Rxc8 45. Qxc8+ Kh7 46. Qf5+ Qg6 47. Qc8 Qf6 48. Kg2 g6 49. Qb7 Kg7 50. Qc8 Qe6 51. Qc3+ Kh7 52. Qc2 a5 53. Qd2 a4 54. Qc2 Qd5+ 55. Kh2 Qc4 56. Qd2 b4 57. Qb2 b3 58. axb3 Qxb3 59. Qa1 a3 60. Qc1 Qb2 61. Qf4 Kg7 0-1

[Event "CZE-chT2A 1920"]
[Site "Czech Republic"]
[Date "2019.10.13"]
[Round "1.5"]
[White "Hradecky, Ivo"]
[Black "Mach, Petr"]
[Result "0-1"]
[WhiteElo "2015"]
[BlackElo "2045"]
[PlyCount "44"]
[EventDate "2019.10.13"]
[EventType "team-tourn"]
[EventRounds "11"]
[EventCountry "CZE"]
[SourceTitle "EXT 2024"]
[Source "ChessBase"]
[SourceDate "2023.10.10"]
[SourceVersion "1"]
[SourceVersionDate "2023.10.10"]
[SourceQuality "1"]
[WhiteTeam "Vlasim II"]
[BlackTeam "Unichess Reserve"]
[WhiteTeamCountry "CZE"]
[BlackTeamCountry "CZE"]

1. d4 Nf6 2. Nf3 g6 3. c4 Bg7 4. e3 0-0 5. Be2 d5 6. cxd5 Nxd5 7. e4 Nb6 8. 0-0 Bg4 9. Nbd2 e5 10. Nxe5 Bxe2 11. Qxe2 Qxd4 12. Ndf3 Qb4 13. Rd1 Re8 14. Bf4 Nc6 15. Nxc6 bxc6 16. Bxc7 Rxe4 17. Qa6 Rae8 18. Qxa7 Nd5 19. Ba5 Qxb2 20. Rab1 Qxa2 21. Rb8 Bc3 22. Rxe8+ Rxe8 0-1

[Event "Prague op-A 18th"]
[Site "Prague"]
[Date "2019.01.11"]
[Round "1"]
[White "Mach, Petr"]
[Black "Jaroch, Karol"]
[Result "0-1"]
[WhiteElo "1921"]
[BlackElo "2259"]
[PlyCount "64"]
[EventDate "2019.01.11"]
[EventType "swiss"]
[EventRounds "9"]
[EventCountry "CZE"]
[SourceTitle "CBM 188 Extra"]
[Source "ChessBase"]
[SourceDate "2019.02.26"]
[SourceVersion "1"]
[SourceVersionDate "2019.02.26"]
[SourceQuality "1"]

1. d4 e6 2. e4 d5 3. exd5 exd5 4. Bd3 Nc6 5. c3 Bd6 6. Nd2 Nge7 7. Ne2 Bg4 8. Qc2 Qd7 9. Nf1 0-0-0 10. Ne3 Bxe2 11. Bxe2 f5 12. Bd2 Kb8 13. g3 g5 14. 0-0-0 Rdf8 15. Rhf1 f4 16. Bg4 Qe8 17. Nf5 Nxf5 18. Bxf5 Ne7 19. Bg4 h5 20. Be6 Rf6 21. Rde1 Qf8 22. gxf4 Bxf4 23. Bxf4 Rxf4 24. Re5 g4 25. Bxd5 Nxd5 26. Rxd5 Qf7 27. Qd2 h4 28. Qe3 a6 29. Qe5 Rf8 30. Rg1 Rxf2 31. Rxg4 Qf3 32. Rg1 Qd3 0-1

[Event "CZE-chT2A 1819"]
[Site "Czech Republic"]
[Date "2018.12.02"]
[Round "4.6"]
[White "Novak, Vaclav2222"]
[Black "Mach, Petr"]
[Result "1/2-1/2"]
[WhiteElo "1794"]
[BlackElo "1917"]
[PlyCount "22"]
[EventDate "2018.10.14"]
[EventType "team-tourn"]
[EventRounds "11"]
[EventCountry "CZE"]
[SourceTitle "EXT 2022"]
[Source "ChessBase"]
[SourceDate "2021.10.06"]
[SourceVersion "1"]
[SourceVersionDate "2021.10.06"]
[SourceQuality "1"]
[WhiteTeam "Strakonice"]
[BlackTeam "Unichess Underground"]
[WhiteTeamCountry "CZE"]
[BlackTeamCountry "CZE"]

1. e4 c5 2. Nf3 Nc6 3. d4 cxd4 4. Nxd4 g6 5. Nc3 Bg7 6. Be3 Nf6 7. Be2 0-0 8. 0-0 d5 9. exd5 Nb4 10. Nf3 Bf5 11. Nd4 Bc8 1/2-1/2

[Event "EU-ch U12 26th"]
[Site "Prague"]
[Date "2016.08.26"]
[Round "8"]
[White "Mach, Petr"]
[Black "Aslanov, Samad"]
[Result "1/2-1/2"]
[WhiteElo "1654"]
[BlackElo "1529"]
[PlyCount "59"]
[EventDate "2016.08.18"]
[EventType "swiss"]
[EventRounds "9"]
[EventCountry "CZE"]
[SourceTitle "CBM 174 Extra"]
[Source "ChessBase"]
[SourceDate "2016.10.10"]
[SourceVersion "1"]
[SourceVersionDate "2016.10.10"]
[SourceQuality "1"]

1. e4 c5 2. Nf3 d6 3. Bb5+ Bd7 4. Bxd7+ Nxd7 5. 0-0 Ngf6 6. Re1 a6 7. c3 e6 8. d4 cxd4 9. cxd4 Be7 10. Nc3 0-0 11. Bf4 Qc7 12. Rc1 Rfc8 13. Nd5 Qd8 14. Nxe7+ Qxe7 15. Qb3 b5 16. Bg5 Qe8 17. Bxf6 Nxf6 18. d5 Rxc1 19. Rxc1 Nxe4 20. dxe6 Qxe6 21. Qxe6 fxe6 22. Rc7 Nc5 23. Nd4 Kf8 24. b4 e5 25. Nf5 Ne6 26. Rc6 a5 27. Rxd6 axb4 28. Kf1 Rxa2 29. Rxe6 b3 30. Nd6 1/2-1/2